000 00636nam a2200181Ia 4500
008 100921s9999 xx 000 0 und d
082 _b34623
_a891.463 न 02
100 _aहरकारे अरूण.
245 _aकेशराचे शेत.
260 _bराजश्री प्रकाशन,पुणे.
_c2002
300 _a212
_bजयेश एजन्सी,पुणे.
365 _b160
520 _aललित-कादंबरी.
630 _aकेशराचे शेत.
650 _aललित-कादंबरी.
730 _aकेशराचे शेत.
942 _cBOOK
999 _c783736
_d783733